Reprezentanci Polski na Eurowizji - Statystyki

Ogólne statystyki
  • Ten quiz został rozwiązany 27 razy
  • Średni wynik to 14 z 26
Statystyki odpowiedzi
Reprezentant % Poprawnych
Justyna Steczkowska
96%
Edyta Górniak
85%
Ich Troje
85%
Michał Szpak
85%
Blanka
73%
Luna
62%
Gromee
58%
Kasia Moś
58%
Rafał Brzozowski
58%
Andrzej PIaseczny
54%
Donatan i Cleo
54%
Krystian Ochman
54%
Tulia
54%
Magdalena Tul
50%
Mietek Szcześniak
50%
Anna Maria Jopek
46%
Lidia Kopania
46%
The Jet Set
46%
Alicja Szemplińska
42%
Blue Café
42%
Isis Gee
42%
Ivan i Delfin
42%
Monika Kuszyńska
38%
Kasia Kowalska
35%
Marcin Mroziński
31%
Sixteen
31%
Nie znaleziono quizów pasujących do podanych kryteriów
Rozkład punktacji
Procent ludzi z każdym wynikiem
Percentyl według liczby udzielonych odpowiedzi
Twoja historia wyników
Nie rozwiązałeś tego quizu